| 000 | 00722nas a2200229 4500 | ||
|---|---|---|---|
| 001 | BR9802966 | ||
| 003 | BR-BrBNA | ||
| 005 | 20231205101024.0 | ||
| 007 | ta | ||
| 008 | 230509b bl.|||p| |||| 00| 00por d | ||
| 040 |
_aBR-BrBNA _bpor _cBiblioteca Nacional de Agricultura |
||
| 041 | _a(Pt) | ||
| 072 | _aE14 | ||
| 100 | 1 | _aArbage, A.P. | |
| 245 | 1 | _aAgricultura e o desenvolvimento economico na visao dos classicos - uma perspectiva historica | |
| 650 | _aDesenvolvimento Agricola | ||
| 650 | _aDesenvolvimento Economico | ||
| 650 | _aHistoria | ||
| 773 | 0 |
_tExtensao Rural. Revista DEAER (Brazil) _x _g(Jan-Dec 1997), v. 4 p. 39-53 _wBR9802966 |
|
| 909 |
_a202311 _bLúcia _c55 _dLúcia Elande |
||
| 942 |
_2AGRIS _n0 _cANA |
||
| 999 |
_c159327 _d159327 |
||